| 000 | 00447pab a2200169 454500 | ||
|---|---|---|---|
| 008 | 180718b2008 xxu||||| |||| 00| 0 eng d | ||
| 100 | _aSugiyama, Natash Borges | ||
| 245 | _aTheories of policy diffusion: social sector reform in Brazil | ||
| 260 | _c2008 | ||
| 300 | _ap.193-216. | ||
| 362 | _aFeb | ||
| 650 | _aSocial policy - Brazil | ||
| 650 | _aSocial policy | ||
| 773 | _aComparative Political Studies | ||
| 908 | _aN | ||
| 909 | _a77588 | ||
| 999 |
_c77588 _d77588 |
||